Schnelle Mathematik - Potenzrechnen Level 18 - Statistiken

Allgemein
  • Dieses Quiz wurde 44 mal gespielt
  • Das Durchschnittsergebnis liegt bei 11 aus 20
Antwortstatistiken
Zahl Ergebnis % Korrekt
10⁴ 10000
100%
10⁵ 100000
100%
10⁷ 10000000
100%
6⁴ 1296
100%
3¹⁵ 14348907
100%
5⁶ 15625
100%
2¹⁴ 16384
100%
7⁵ 16807
100%
13² 169
100%
12³ 1728
100%
14² 196
100%
3⁹ 19683
100%
15² 225
100%
7⁴ 2401
100%
16² 256
100%
4⁹ 262144
100%
6⁷ 279936
100%
8⁵ 32768
100%
14⁴ 38416
100%
6⁶ 46656
100%
4⁸ 65536
100%
3⁸ 6561
100%
2¹³ 8192
100%
5¹⁰ 9765625
100%
4⁷ 16384
75%
2²² 4194304
75%
10⁶ 1000000
67%
7⁶ 117649
67%
11³ 1331
67%
11⁴ 14641
67%
3¹³ 1594323
67%
13³ 2197
67%
5⁸ 390625
67%
9⁷ 4782969
67%
2¹⁶ 65536
67%
4¹⁰ 1048576
50%
4¹² 16777216
50%
3¹¹ 177147
50%
2¹⁸ 262144
50%
14³ 2744
50%
8⁴ 4096
50%
3¹⁶ 43046721
50%
3¹⁴ 4782969
50%
2¹⁹ 524288
50%
3¹² 531441
50%
9⁶ 531441
50%
6⁵ 7776
50%
2¹⁷ 131072
33%
11⁵ 161051
33%
11⁷ 19487171
33%
12⁵ 248832
33%
4⁶ 4096
33%
3¹⁰ 59049
33%
12⁴ 20736
25%
9⁴ 6561
25%
7⁷ 823543
25%
6⁸ 1679616
20%
9⁸ 43046721
20%
10⁸ 100000000
0%
2²⁰ 1048576
0%
2²⁴ 16777216
0%
8⁸ 16777216
0%
11⁶ 1771561
0%
5⁹ 1953125
0%
2²¹ 2097152
0%
8⁷ 2097152
0%
5¹² 244140625
0%
8⁶ 262144
0%
13⁴ 28561
0%
12⁶ 2985984
0%
2¹⁵ 32768
0%
15³ 3375
0%
13⁵ 371293
0%
2¹² 4096
0%
4¹¹ 4194304
0%
5¹¹ 48828125
0%
7⁸ 5764801
0%
9⁵ 59049
0%
5⁷ 78125
0%
2²³ 8388608
0%
Keine übereinstimmenden Quizze gefunden
Verteilung der Resultate
Anzahl Personen mit jedem Resultat
Perzentil nach korrekt beantworteten Fragen
Ihre Resultats-Entwicklung
Sie haben dieses Quiz noch nicht gespielt